000 00754nam a2200265Ia 4500
003 OSt
005 20221006160301.0
006 a|||||r|||| 00| 0
007 ta
008 221006b |||||||| |||| 00| 0 eng d
020 _a9781587295102
_c1,337.00
024 _a44,819
037 _bgift, Window on Korea
_cTextual
040 _aEASL
_cEASL
_beng
041 _2eng
_aeng
082 _aO495,1x, P6
100 _aKevin O'Rourke
_9672785
245 0 _aBook of KOrean Poetry
_b Songs of Shilla and Koryo
260 _aIOWA
_bCity University of IOWA Press
_c2006
300 _a122p.
_ccm.
490 _v KEL
650 _aKEL
942 _hO495,1x, P6
_cTEXL
_2CC
999 _c1112911
_d1112911